| 000 | 00746cam a22001934a 4500 | ||
|---|---|---|---|
| 020 | _a0849302730 (alk. paper) | ||
| 082 | 0 | 0 |
_a629.4 _bGOU _cN-o1, P-95/N-o1, P-97 |
| 245 | 0 | 0 |
_aTransportation systems planning : _bmethods and applications / _cedited by Konstadinos G. Goulias. |
| 260 |
_aBoca Raton, Fla. : _bCRC Press, _cc2003. |
||
| 300 |
_a1 v. (various pagings) : _bill. ; _c26 cm. |
||
| 526 |
_a0 _b0 _c0 _d629_400000000000000_GOU |
||
| 526 |
_a0 _b0 _c0 _d629_400000000000000_GOU |
||
| 650 | 0 |
_aNUST _96342 |
|
| 650 | 0 |
_aTransportation and state. _921183 |
|
| 650 | 0 |
_aTransportation _xPlanning. _919652 |
|
| 700 | 1 |
_aGoulias, Konstadinos G. _938733 |
|
| 856 | 4 | 2 | _uhttp://www.loc.gov/catdir/enhancements/fy0646/2002074026-d.html |
| 942 |
_2ddc _cBK |
||
| 999 |
_c543375 _d543375 |
||